LEADER 03492nam0 2200625 i 450 001 BVEE038508 005 20170908093219.0 012 $aum*- a-u- t,ne IgAu (3) 1608 (R)$2fei 100 $a20150608d1608 ||||0itac50 ba 101 | $alat 102 $abe 181 1$6z01$ai $bxxxe 182 1$6z01$an 200 1 $aQ. Horatius Flaccus, cum erudito Laeuini Torrentii commentario, nunc primùm in lucem edito. Item Petri Nannii Alcmariani in artem poeticam 210 $aAntuerpiae$cex officina Plantiniana, apud Ioannem Moretum$d1608$eAntuerpiae$gex officina Plantiniana, apud Ioannem Moretum$h1608 215 $a\20!, 839, \49! p.$c2 ritr. calcogr.$d4º 300 $aMarche non controllate (Compasso. Labore et constantia) sul front. (calcogr.) e in fine 300 $aSegn.: *⁴-2*⁴3*²A-Z⁴a-z⁴2A-2Z⁴, ²2A-2Z⁴, 2a-2n⁴, ²A-F⁴ 300 $aL'ultima c. bianca 300 $aRitr. calcogr. di Laevinus Torrentius a c. 2*1v. sottoscritta: Ioan. Bochius e ritr. calcogr. di Orazio a c. 2*3v. 316 $a1 v. (Timbro B.R. Neapolis sul frontespizio)$5IT-NA0079, V.F. 110 K 10 500 10$aOpera.$3URB0416706$9CFIV000246$939890 620 $aBE$dAnversa$3UBOL000154 700 1$aHoratius Flaccus$b, Quintus$3CFIV000246$4070$075513 702 1$aTorrentius$b, Laevinus$3BVEV029899 702 1$aBochius$b, Ioannes$c $3BVEV084305 702 1$aNanninck$b, Pieter$f <1500-1557>$3RMLV019096 712 02$aOfficina Plantiniana$c $3BVEV018026$4650 712 02$aMoretus, Iohannes$d <1.>$3BVEV021130$4650 790 1$aVan Der Beke$b, Lievin$3BVEV192533$zTorrentius, Laevinus 790 1$aVanderbeecken$b, Lievin$3BVEV192535$zTorrentius, Laevinus 790 1$aBeken$b, Lievin van der$3BVEV192536$zTorrentius, Laevinus 790 0$aOrazio$3CFIV000247$zHoratius Flaccus, Quintus 790 1$aOrazio Flacco$b, Quinto$3CFIV010717$zHoratius Flaccus, Quintus 790 0$aHorace$3CFIV012150$zHoratius Flaccus, Quintus 790 1$aOrazio Flacco$b, Q.$3CFIV137964$zHoratius Flaccus, Quintus 790 1$aHoratius$b, Q.$3CFIV167021$zHoratius Flaccus, Quintus 790 0$aHoratius$3CFIV228341$zHoratius Flaccus, Quintus 790 1$aFlacco$b, Orazio Q.$3SBNV029084$zHoratius Flaccus, Quintus 790 1$aNannius$b, Petrus$3RMLV019097$zNanninck, Pieter <1500-1557> 791 02$aPlantiinsche Druckeriie$c $3BVEV098550$zOfficina Plantiniana 791 02$aImprimerie plantinienne$c $3SBNV005219$zOfficina Plantiniana 791 02$aTypographia Plantiniana$c $3UBOV397367$zOfficina Plantiniana 791 02$aMourentorf, Jan$3BVEV021131$zMoretus, Iohannes <1.> 791 02$aMoretus, Johannes$d <1.>$3BVEV131383$zMoretus, Iohannes <1.> 791 02$aMoretus, Jean$d <1.>$3BVEV131384$zMoretus, Iohannes <1.> 791 02$aMoretus, Ioannes$3LIGV009829$zMoretus, Iohannes <1.> 801 3$aIT$bIT-NA0079$c20150608 850 $aIT-NA0079 912 $aBVEE038508 921 $aSBNM000001$bMarca non controllata$cS2$dMarche sul front. (calcogr.) e in fine 950 0$aBiblioteca Nazionale Vittorio Emanuele III$c1 v.$d BNV.F. 110 K 10$e BNVA10015526755 H 1 v. (Timbro B.R. Neapolis sul frontespizio)$fC $h20150608$i20150608$lTimbro B.R. Neapolis sul frontespizio$mTimbri storici della biblioteca proprietaria 977 $a BN 996 $aOpera$939890 997 $aUNISANNIO LEADER 00952nam0-22003251i-450- 001 990001856450403321 005 20080521153631.0 035 $a000185645 035 $aFED01000185645 035 $a(Aleph)000185645FED01 035 $a000185645 100 $a20030910d1952----km-y0itay50------ba 101 0 $aita 102 $aIT 105 $ay-------001yy 200 1 $a<>renetta del Canada in Valle d'Aosta$fRaffaele Carlone 210 $a[S.l.$cs.n.]$d1952 215 $a7 p.$d24 cm 225 1 $aRaccolta di memorie$fUniversit degli studi di Torino. Facolt di scienze agrarie$v1 300 $aEstr. da: Monti e boschi, n. 1,1952. 610 0 $aMalus 676 $a634.11 700 1$aCarlone,$bRaffaele$0354562 801 0$aIT$bUNINA$gRICA$2UNIMARC 901 $aBK 912 $a990001856450403321 952 $a60 MISC. B 131/1$fFAGBC 959 $aFAGBC 996 $aRenetta del Canada in Valle d'Aosta$9414293 997 $aUNINA LEADER 01088cam0 22002773 450 001 SON0001494 005 20210504074621.0 010 $a8813218311 100 $a20000705d1999 |||||ita|0103 ba 101 $aita 102 $aIT 200 1 $a<>formazione oltre l'aula: lo stage$eL'organizzazione e la gestione delle esperienze di tirocinio in azienda e in altri contesto. Manuale per studenti, docenti, formatori e operatori aziendali$fRenato D Nubila$gD. Fabbri$gU. Margiotta 210 $aPadova$cCEDAM$d1999 215 $aXXII, 402 p.$d24 cm 700 1$aDi Nubila$b, Renato$3AF00003984$4070$0525633 702 1$aFABBRI, Donata$3AF00015564$4070 702 1$aMARGIOTTA, Umberto$3AF00015565$4070 801 0$aIT$bUNISOB$c20210504$gRICA 850 $aUNISOB 852 $aUNISOB$j370$m102485 912 $aSON0001494 940 $aM 102 Monografia moderna SBN 941 $aM 957 $a370$b001616$gSI$d102485$rACQUISTO$p50.000$1Spinosa$2UNISOB$3UNISOB$420190522142214.0$520190522142259.0$6Spinosa 996 $aFormazione oltre l'aula: lo stage$91731605 997 $aUNISOB